Odhad kapitálovej požiadavky na solventnosť pre trhové riziko využitím replikácie portfólia diplomová práca

Enregistré dans:
Détails bibliographiques
Auteur principal: Faybíková, Ivana, 1995-
Collectivité auteur: Fakulta hospodárskej informatiky EU. Katedra matematiky a aktuárstva
Autres auteurs: Páleš, Michal, 1984-
Format: Livre
Langue:slovaque
Publié: Bratislava 2019
Tags: Ajouter un tag
Pas de tags, Soyez le premier à ajouter un tag!

MARC

LEADER 00000nbm a2200000 4500
001 0254129
005 20191023084630.8
041 0 |a slo 
044 |a SK 
245 1 0 |a Odhad kapitálovej požiadavky na solventnosť pre trhové riziko využitím replikácie portfólia  |b diplomová práca  |c Ivana Faybíková ; školiteľ: Michal Páleš 
264 1 |a Bratislava  |c 2019 
300 |a 61 s. 
100 1 |a Faybíková, Ivana, 1995- 
700 1 |a Páleš, Michal, 1984- 
710 2 |a Fakulta hospodárskej informatiky EU. Katedra matematiky a aktuárstva